1901: [ежедневные наблюдения]; Метеорологический бюллетень Николаевской главной физической обсерватории

Dades bibliogràfiques
Parent link:Метеорологический бюллетень Николаевской главной физической обсерватории/ Николаевская главная физическая обсерватория. 1901.— , 1900-1917
Altres autors: Рыкачев М. А. (руководитель)
Idioma:rus
francès
Publicat: 1901-1902
Matèries:
Format: Llibre
KOHA link:https://koha.lib.tpu.ru/cgi-bin/koha/opac-detail.pl?biblionumber=350638

MARC

LEADER 00000nam2a2200000 4500
001 350638
005 20231102010325.0
035 |a (RuTPU)RU\TPU\retro\4823 
035 |a RU\TPU\retro\4822 
090 |a 350638 
100 |a 20190214d19011902k y0rusy50 ca 
101 0 |a rus  |a fre 
102 |a RU 
105 |a ab z 000zy 
200 0 |a 1901  |e [ежедневные наблюдения]  |f директор М. А. Рыкачев 
210 |d 1901-1902 
215 |a №№ 1-365, дополнения  |c карты 
461 1 |0 (RuTPU)RU\TPU\retro\4821  |t Метеорологический бюллетень Николаевской главной физической обсерватории  |f Николаевская главная физическая обсерватория  |v 1901  |d 1900-1917 
606 1 |a Метеорологические наблюдения  |x Таблицы  |2 stltpush  |3 (RuTPU)RU\TPU\subj\43452  |9 62951 
610 1 |a Европа 
610 1 |a Азия 
610 1 |a Европейская Россия 
610 1 |a температура 
610 1 |a погода 
610 1 |a погодные условия 
610 1 |a предсказания 
675 |a 551.501.4  |v 3 
702 1 |a Рыкачев  |b М. А.  |4 673 
801 1 |a RU  |b 63413507  |c 20190214 
801 2 |a RU  |b 63413507  |c 20190214  |g RCR 
942 |c BK